[Event "Brandenburg 1-Hamburg 2"]
[Site "?"]
[Date "2015.09.06"]
[Round "1.3"]
[White "Duemmke, Juergen"]
[Black "Grottke, Hans-Joachim"]
[Result "0-1"]
[WhiteElo "1975"]
[BlackElo "2193"]
[PlyCount "90"]
[EventDate "2015.??.??"]

1. e4 e6 2. d4 d5 3. Nc3 Bb4 4. e5 c5 5. Bd2 Ne7 6. Nb5 Bxd2+ 7. Qxd2 O-O 8. Nf3
a6 9. Nd6 cxd4 10. Nxd4 Nbc6 11. f4 Nxd4 12. Qxd4 Nc6 13. Qc5 f6 14. O-O-O fxe5
15. fxe5 Qg5+ 16. Kb1 Qxe5 17. Bd3 Rd8 18. Nxc8 Raxc8 19. Rhe1 Qd6 20. Qb6 Rd7
21. c4 Rcd8 22. cxd5 exd5 23. Bf5 Re7 24. Rxe7 Qxe7 25. Qb3 Qe5 26. Qh3 g6 27.
Be6+ Kh8 28. Bc8 Qe4+ 29. Ka1 Nb4 30. Qc3+ d4 31. Qxb4 Rxc8 32. a3 Rd8 33. g3
Qd5 34. Rf1 Kg8 35. Qe7 Rc8 36. Qb4 a5 37. Qd2 d3 38. Re1 b5 39. Rd1 b4 40. Rc1
Rxc1+ 41. Qxc1 d2 42. Qc8+ Kg7 43. Qc7+ Kh6 44. Qf4+ g5 45. Qf8+ Kg6 0-1

[Event "Brandenburg 1-Hamburg 2"]
[Site "?"]
[Date "2015.09.06"]
[Round "1.4"]
[White "Walkewitz, Hubert"]
[Black "Krotofil, Kurt"]
[Result "0-1"]
[WhiteElo "2140"]
[BlackElo "1958"]
[PlyCount "140"]
[EventDate "2015.??.??"]

1. d4 Nf6 2. Nf3 c5 3. e3 e6 4. Bd3 d5 5. c3 Bd6 6. O-O O-O 7. Ne5 Nc6 8. f4 Ne4
9. Nd2 f5 10. Ndf3 Bd7 11. c4 Be8 12. b3 Bh5 13. Nxc6 bxc6 14. Bb2 cxd4 15. Bxd4
c5 16. Bb2 d4 17. Qe2 e5 18. fxe5 Bxe5 19. Qc2 Bxf3 20. gxf3 Qg5+ 21. Kh1 Ng3+
22. hxg3 Rf6 23. Rae1 Rh6+ 24. Kg1 Qxg3+ 25. Qg2 Qxg2+ 26. Kxg2 Rh2+ 27. Kg1
Rxb2 28. f4 Bf6 29. Kh1 g6 30. exd4 cxd4 31. Re6 Kf7 32. Ra6 Rd2 33. Rf3 Be7 34.
Bf1 Bc5 35. Rd3 Rf2 36. Bg2 Re8 37. b4 Re1+ 38. Kh2 Bxb4 39. Rxa7+ Re7 40. Rxe7+
Kxe7 41. Rxd4 Rxa2 42. Kg3 Bd6 43. Kf3 Ra3+ 44. Ke2 Rc3 45. Bd5 Rg3 46. Bf3 h5
47. Rd5 Bxf4 48. Bxh5 Ke6 49. Bf3 g5 50. Rd3 Rg1 51. Rd1 Rg3 52. Rd3 Rg1 53. Rd1
Rxd1 54. Kxd1 g4 55. Bd5+ Ke5 56. Ke2 Bg5 57. Kf2 Bh4+ 58. Kg2 f4 59. Bc6 Kd4
60. Bb7 Ke3 61. Bc8 f3+ 62. Kf1 Kf4 63. c5 Be7 64. c6 Bd6 65. Bd7 Bc7 66. Be6 g3
67. Bh3 Kg5 68. Kg1 Bb6+ 69. Kh1 Kf4 70. Bf1 Ke3 0-1

[Event "Rheinland-Pfalz 2-Wuerttemberg 1"]
[Site "?"]
[Date "2015.09.06"]
[Round "1.1"]
[White "Frick, Christoph"]
[Black "Krieger, Hermann"]
[Result "1/2-1/2"]
[WhiteElo "2204"]
[BlackElo "2206"]
[PlyCount "63"]
[EventDate "2015.??.??"]
[WhiteTeam "Wuerttemberg 1"]
[BlackTeam "Rheinland-Pfalz 2"]

1. Nc3 e5 2. Nf3 Nc6 3. d4 exd4 4. Nxd4 Nf6 5. Bg5 Be7 6. Nf5 O-O 7. Nxe7+ Nxe7
8. Bxf6 gxf6 9. e4 d6 10. Qf3 Ng6 11. Nd5 Kg7 12. O-O-O c6 13. Ne3 Kh8 14. Qg3
Ne5 15. f4 Rg8 16. Qe1 Ng4 17. Nc4 d5 18. h3 Qc7 19. Nd2 Nh6 20. Qh4 Kg7 21. Bd3
Qd8 22. Rhe1 Re8 23. Re3 Nf5 24. Rg3+ Nxg3 25. Qxg3+ Kh8 26. exd5 cxd5 27. Nf3
Rg8 28. Qh4 Rg7 29. g4 Qd6 30. g5 fxg5 31. Nxg5 f5 32. Re1 1/2-1/2

[Event "Rheinland-Pfalz 2-Wuerttemberg 1"]
[Site "?"]
[Date "2015.09.06"]
[Round "1.2"]
[White "Schwertel, Johann"]
[Black "Fritsch, Rolf"]
[Result "0-1"]
[WhiteElo "2007"]
[BlackElo "2219"]
[PlyCount "84"]
[EventDate "2015.??.??"]
[WhiteTeam "Rheinland-Pfalz 2"]
[BlackTeam "Wuerttemberg 1"]

1. d4 g6 2. Nf3 Bg7 3. e4 d6 4. c3 Nf6 5. Bd3 Nc6 6. O-O O-O 7. Nbd2 e5 8. dxe5
Nxe5 9. Nxe5 dxe5 10. Nf3 Qe7 11. h3 b6 12. Qe2 Bb7 13. b3 Rfe8 14. Rd1 h6 15.
Bb2 Nh5 16. Qc2 Nf4 17. Bf1 Qf6 18. Nh2 Qc6 19. Re1 Rad8 20. Rad1 Rxd1 21. Qxd1
Ne6 22. a4 Rd8 23. Qa1 Nc5 24. Bb5 Qf6 25. Ng4 Qh4 26. b4 Nxe4 27. f3 h5 28.
fxe4 hxg4 29. hxg4 Qxg4 30. Be2 Qg3 31. Bf3 Rd2 32. Rf1 Bh6 33. Qe1 Qxe1 34.
Rxe1 Rxb2 35. Rd1 Rd2 36. Re1 Rc2 37. b5 Rxc3 38. Re2 Rc4 39. Ra2 Bxe4 40. Bxe4
Rxe4 41. a5 bxa5 42. Rxa5 Be3+ 0-1

[Event "Rheinland-Pfalz 2-Wuerttemberg 1"]
[Site "?"]
[Date "2015.09.06"]
[Round "1.3"]
[White "Seyfried, Claus"]
[Black "Dietzsch, Herbert"]
[Result "0-1"]
[WhiteElo "2159"]
[BlackElo "2060"]
[PlyCount "107"]
[EventDate "2015.??.??"]
[WhiteTeam "Wuerttemberg 1"]
[BlackTeam "Rheinland-Pfalz 2"]

1. e4 c5 2. c3 Nf6 3. e5 Nd5 4. d4 cxd4 5. Nf3 e6 6. cxd4 Nc6 7. Bc4 d6 8. O-O
dxe5 9. dxe5 Be7 10. Qe2 a6 11. Rd1 Qc7 12. Bxd5 exd5 13. Nc3 Be6 14. Nxd5 Bxd5
15. Rxd5 Nb4 16. Rd1 O-O 17. Bf4 Rad8 18. a3 Nd5 19. Bg3 Qb6 20. Rd2 Nc7 21.
Rad1 Ne6 22. Rd7 Rxd7 23. Rxd7 Re8 24. Qd2 Nc5 25. Rd5 Qg6 26. b4 Ne4 27. Qc2
Nxg3 28. Qxg6 hxg6 29. hxg3 Rd8 30. Rxd8+ Bxd8 31. Kf1 b5 32. Nd4 Bb6 33. Nc6
Bc7 34. Ke2 Kf8 35. Kd3 Ke8 36. Ke4 Kd7 37. Kd5 Kc8 38. g4 g5 39. g3 Bb6 40. Nd4
Kd7 41. f4 g6 42. f5 gxf5 43. gxf5 g4 44. f6 Ba7 45. e6+ fxe6+ 46. Nxe6 Ke8 47.
Ng5 Be3 48. Ne4 Kf7 49. Nc5 Kxf6 50. Nxa6 Kf5 51. Nc7 Bf2 52. Nxb5 Bxg3 53. Nd6+
Bxd6 54. Kxd6 0-1

[Event "Rheinland-Pfalz 2-Wuerttemberg 1"]
[Site "?"]
[Date "2015.09.06"]
[Round "1.4"]
[White "Ranker, Klemens"]
[Black "Weisenburger, Horst"]
[Result "0-1"]
[WhiteElo "1864"]
[BlackElo "2153"]
[PlyCount "70"]
[EventDate "2015.??.??"]
[WhiteTeam "Rheinland-Pfalz 2"]
[BlackTeam "Wuerttemberg 1"]

1. e4 c5 2. Bc4 Nc6 3. Nc3 Nf6 4. d3 e6 5. Nge2 a6 6. a4 d5 7. exd5 exd5 8. Bb3
d4 9. Nb1 Bd6 10. h3 O-O 11. Bg5 Ne5 12. Nd2 Bf5 13. Ng3 Nxd3+ 14. cxd3 Bxd3 15.
Qf3 Re8+ 16. Kd1 Bxg3 17. Qxg3 Be2+ 18. Kc1 c4 19. Bd1 c3 20. bxc3 Rc8 21. Ra3
Qe7 22. Nb1 b5 23. Re1 d3 24. axb5 axb5 25. Rb3 b4 26. Kb2 bxc3+ 27. Nxc3 Rxc3
28. Rxc3 Qb4+ 29. Rb3 Qxe1 30. Bxf6 Qd2+ 31. Kb1 Qxd1+ 32. Ka2 Qc2+ 33. Bb2 f6
34. Rb8 Qa4+ 35. Kb1 d2 0-1

[Event "Rheinland-Pfalz 1-Wuerttemberg 2"]
[Site "?"]
[Date "2015.09.06"]
[Round "1.1"]
[White "Wolf, Walter"]
[Black "Giesen, Dieter"]
[Result "1/2-1/2"]
[WhiteElo "2125"]
[BlackElo "2201"]
[PlyCount "63"]
[EventDate "2015.??.??"]
[WhiteTeam "Wuerttemberg 2"]
[BlackTeam "Rheinland-Pfalz 1"]

1. b3 d5 2. Bb2 Bf5 3. g3 e6 4. Bg2 Nd7 5. d3 Ngf6 6. Nd2 c6 7. e4 Bg6 8. Ne2
Qa5 9. O-O Ba3 10. Bxa3 Qxa3 11. Nf4 O-O 12. Qe2 dxe4 13. dxe4 Qc5 14. c4 a5 15.
Nxg6 hxg6 16. Nf3 Rfd8 17. e5 Ng4 18. Rfe1 Nh6 19. Rad1 a4 20. Rd3 Qe7 21. Red1
Nc5 22. Rxd8+ Rxd8 23. b4 Na6 24. a3 Nc7 25. Ne1 Nf5 26. Rd3 Kf8 27. Qd1 Rxd3
28. Qxd3 Ke8 29. Qd1 Qd7 30. Qxd7+ Kxd7 31. Nf3 b6 32. Ne1 1/2-1/2

[Event "Rheinland-Pfalz 1-Wuerttemberg 2"]
[Site "?"]
[Date "2015.09.06"]
[Round "1.2"]
[White "Schumacher, Gottfried"]
[Black "Schmid, Hartmut"]
[Result "1/2-1/2"]
[WhiteElo "2218"]
[BlackElo "2147"]
[PlyCount "127"]
[EventDate "2015.??.??"]
[WhiteTeam "Rheinland-Pfalz 1"]
[BlackTeam "Wuerttemberg 2"]

1. d4 d5 2. c4 c6 3. e3 Nf6 4. Nc3 e6 5. Bd3 Nbd7 6. Nf3 Bd6 7. O-O O-O 8. e4
dxe4 9. Nxe4 Nxe4 10. Bxe4 Nf6 11. Bc2 h6 12. Bd2 Qe7 13. a3 c5 14. dxc5 Bxc5
15. Bc3 Rd8 16. Qe2 Bd7 17. b4 Bb6 18. Nd4 Bxd4 19. Bxd4 Bc6 20. Rad1 b6 21. c5
bxc5 22. Bxc5 Qc7 23. Qe3 Rd5 24. Rxd5 Bxd5 25. Rc1 Qb7 26. f3 a5 27. Bd3 axb4
28. axb4 Nd7 29. Bd6 Bc6 30. b5 Bd5 31. Rc7 Qb6 32. Qxb6 Nxb6 33. Bc5 Na4 34.
Bd4 f6 35. Kf2 Rb8 36. Ba7 Rb7 37. Rxb7 Bxb7 38. Be4 Bxe4 39. fxe4 Kf7 40. Ke3
Ke7 41. Kd4 Kd6 42. Bb8+ Kd7 43. Kc4 g6 44. Kb4 Nb2 45. Ba7 Nd3+ 46. Ka5 Kc7 47.
Bd4 e5 48. Be3 Kb7 49. Bxh6 Nf2 50. Bg7 Nxe4 51. h3 g5 52. b6 f5 53. Bxe5 f4 54.
Kb5 f3 55. gxf3 Nf2 56. f4 gxf4 57. h4 Nd3 58. Bd4 f3 59. h5 f2 60. Bxf2 Nxf2
61. h6 Ne4 62. h7 Nd6+ 63. Kc5 Nf7 64. Kd5 1/2-1/2

[Event "Rheinland-Pfalz 1-Wuerttemberg 2"]
[Site "?"]
[Date "2015.09.06"]
[Round "1.3"]
[White "Lainburg, Viktor"]
[Black "Villing, Dieter"]
[Result "0-1"]
[WhiteElo "2127"]
[BlackElo "2103"]
[PlyCount "66"]
[EventDate "2015.??.??"]
[WhiteTeam "Wuerttemberg 2"]
[BlackTeam "Rheinland-Pfalz 1"]

1. b3 e5 2. Bb2 Nc6 3. e3 d5 4. Nf3 e4 5. Nd4 Nxd4 6. Bxd4 Nf6 7. d3 Bb4+ 8. Bc3
Qe7 9. Bxb4 Qxb4+ 10. Qd2 Qe7 11. Be2 O-O 12. O-O c5 13. Nc3 Be6 14. Rfd1 Rfd8
15. Qe1 exd3 16. Bxd3 a6 17. a4 Ng4 18. f3 Ne5 19. Bf1 Nc6 20. Ne2 Rac8 21. Nf4
Nb4 22. Rd2 Bf5 23. Nd3 Bxd3 24. Bxd3 g6 25. c3 Nc6 26. Rad1 Re8 27. Re2 Ne5 28.
Bc2 Rcd8 29. Qf2 d4 30. cxd4 cxd4 31. Red2 dxe3 32. Qxe3 Rxd2 33. Rxd2 Nxf3+ 0-1

[Event "Rheinland-Pfalz 1-Wuerttemberg 2"]
[Site "?"]
[Date "2015.09.06"]
[Round "1.4"]
[White "Kelchner, Hans"]
[Black "Engbrecht, Helmut"]
[Result "1-0"]
[WhiteElo "2161"]
[BlackElo "2004"]
[PlyCount "105"]
[EventDate "2015.??.??"]
[WhiteTeam "Rheinland-Pfalz 1"]
[BlackTeam "Wuerttemberg 2"]

1. d4 d5 2. Bf4 Nf6 3. e3 e6 4. Nf3 c5 5. c3 cxd4 6. exd4 Nc6 7. Nbd2 Bd6 8. Bg3
Qe7 9. Bb5 Bd7 10. Bxd6 Qxd6 11. O-O O-O 12. Re1 Qf4 13. Qe2 Ne7 14. Bd3 Ng6 15.
Bxg6 hxg6 16. Ne5 Bc6 17. f3 Nd7 18. g3 Qf5 19. Nxd7 Bxd7 20. f4 Qc2 21. Nf3
Qxe2 22. Rxe2 f6 23. Nd2 Rfc8 24. a4 Kf7 25. Nb3 b6 26. a5 Bb5 27. Ree1 Bc4 28.
axb6 axb6 29. Rxa8 Rxa8 30. Ra1 Rxa1+ 31. Nxa1 e5 32. dxe5 fxe5 33. fxe5 Ke6 34.
Kf2 Kxe5 35. Ke3 Kf5 36. b3 Bf1 37. Nc2 Ke5 38. Nd4 Bh3 39. Nf3+ Kd6 40. Kf4 Kc5
41. Ke5 Bf5 42. h4 b5 43. Nd4 Bd7 44. Nc2 Bf5 45. Ne3 Be4 46. b4+ Kc6 47. Ke6
Bd3 48. Ng2 Bf5+ 49. Ke5 Be4 50. Nf4 Bf3 51. Nxg6 Kd7 52. Nf4 Kc6 53. Ne6 1-0

[Event "Mecklenburg-Vorpommern 2-Bayern"]
[Site "?"]
[Date "2015.09.06"]
[Round "1.1"]
[White "Schmidt, Gerhard"]
[Black "Krueger, Horst"]
[Result "1/2-1/2"]
[WhiteElo "2207"]
[BlackElo "2119"]
[PlyCount "80"]
[EventDate "2015.??.??"]
[WhiteTeam "Bayern"]
[BlackTeam "Mecklenburg-Vorpommern 2"]

1. d4 d5 2. c4 c6 3. e3 Nf6 4. Bd3 e6 5. Nf3 Bd6 6. O-O Nbd7 7. Nbd2 O-O 8. e4
e5 9. exd5 cxd5 10. dxe5 Nxe5 11. Nxe5 Bxe5 12. Nf3 dxc4 13. Bxc4 Qc7 14. Nxe5
Qxe5 15. Qe2 Qxe2 16. Bxe2 Be6 17. Bg5 Rac8 18. Bd3 Rfd8 19. Rfd1 h6 20. Bxf6
gxf6 21. f3 Rd7 22. Kf2 Rcd8 23. Ke2 f5 24. f4 Rd4 25. g3 Kf8 26. b3 Bd5 27. Bc2
Be4 28. Rxd4 Rxd4 29. Rd1 Rxd1 30. Bxd1 Ke7 31. Ke3 Kd6 32. Kd4 f6 33. a3 b6 34.
b4 Bd5 35. Ba4 Be4 36. Bb5 Bd5 37. Be8 Be6 38. Bh5 Bd5 39. Be2 Be6 40. Ba6 Bd7
1/2-1/2

[Event "Mecklenburg-Vorpommern 2-Bayern"]
[Site "?"]
[Date "2015.09.06"]
[Round "1.2"]
[White "Alder, Bodo"]
[Black "Jergler, Karl-Heinz"]
[Result "0-1"]
[WhiteElo "2072"]
[BlackElo "2213"]
[PlyCount "110"]
[EventDate "2015.??.??"]
[WhiteTeam "Mecklenburg-Vorpommern 2"]
[BlackTeam "Bayern"]

1. e4 c5 2. Nf3 Nc6 3. d3 g6 4. c3 Bg7 5. Be2 e6 6. Qc2 Nge7 7. Nbd2 O-O 8. O-O
d5 9. Re1 e5 10. Nf1 Rb8 11. a3 f6 12. b4 b6 13. Rb1 Be6 14. Bd2 Qd7 15. Ng3
Rfc8 16. b5 Na5 17. c4 dxe4 18. dxe4 Nb7 19. Rbd1 Qe8 20. a4 Rd8 21. Bc1 Rxd1
22. Rxd1 Rd8 23. Bb2 Rxd1+ 24. Qxd1 Nc8 25. Nf1 Qf7 26. Ne3 Ncd6 27. Qc2 Qd7 28.
Nd5 Nd8 29. h4 Bf7 30. Nh2 Ne6 31. Ng4 Qd8 32. g3 Nd4 33. Bxd4 exd4 34. f4 f5
35. Ngf6+ Bxf6 36. Nxf6+ Qxf6 37. e5 Qe6 38. exd6 Qxd6 39. Bd3 Qf6 40. Qf2 Kg7
41. Kf1 Qe7 42. Qe2 Qxe2+ 43. Kxe2 Be6 44. Kd2 Bc8 45. Be2 Bb7 46. Bd1 Bg2 47.
Be2 Kf6 48. Bd3 Bf3 49. Bf1 h6 50. Bh3 g5 51. hxg5+ hxg5 52. Bf1 gxf4 53. gxf4
Kg6 54. Bd3 Bg4 55. Bf1 Kh5 0-1

[Event "Mecklenburg-Vorpommern 2-Bayern"]
[Site "?"]
[Date "2015.09.06"]
[Round "1.3"]
[White "Daeubler, Heinrich"]
[Black "Nauschuetz, Ernst"]
[Result "1/2-1/2"]
[WhiteElo "2165"]
[BlackElo "1993"]
[PlyCount "75"]
[EventDate "2015.??.??"]
[WhiteTeam "Bayern"]
[BlackTeam "Mecklenburg-Vorpommern 2"]

1. d4 Nf6 2. c4 e6 3. Nf3 Bb4+ 4. Bd2 Qe7 5. g3 b6 6. Bg2 Bb7 7. O-O Bxd2 8.
Qxd2 O-O 9. Nc3 Ne4 10. Qc2 Nxc3 11. Qxc3 d6 12. b4 c5 13. a3 Nd7 14. Rfd1 Nf6
15. Qe3 Be4 16. Nd2 Bxg2 17. Kxg2 Rac8 18. Rac1 Rc7 19. Kg1 Rfc8 20. dxc5 dxc5
21. b5 Rd7 22. Nf3 Rcd8 23. Qb3 e5 24. Rxd7 Rxd7 25. Qc3 e4 26. Ne5 Rd6 27. a4
Qd8 28. Rc2 h6 29. Kg2 Rd1 30. Nc6 Qd7 31. a5 Ng4 32. Ne5 Nxe5 33. Qxe5 bxa5 34.
Qxc5 Rb1 35. Ra2 Qd1 36. Qc8+ Kh7 37. Qf5+ Kg8 38. Qc8+ 1/2-1/2

[Event "Mecklenburg-Vorpommern 2-Bayern"]
[Site "?"]
[Date "2015.09.06"]
[Round "1.4"]
[White "Krueger, Gerhard"]
[Black "Straub, Peter"]
[Result "1/2-1/2"]
[WhiteElo "2034"]
[BlackElo "2096"]
[PlyCount "73"]
[EventDate "2015.??.??"]
[WhiteTeam "Mecklenburg-Vorpommern 2"]
[BlackTeam "Bayern"]

1. e4 c5 2. Nf3 e6 3. c4 Nc6 4. d4 cxd4 5. Nxd4 Nf6 6. Nc3 Bb4 7. Nxc6 bxc6 8.
Qc2 Qc7 9. Bd3 O-O 10. O-O Ng4 11. g3 Ne5 12. a3 Nxd3 13. Qxd3 Be7 14. Bf4 e5
15. Be3 d6 16. f4 Bh3 17. Rf2 f5 18. fxe5 fxe4 19. Nxe4 dxe5 20. c5 Rad8 21.
Qc4+ Kh8 22. Rxf8+ Rxf8 23. Rd1 Rd8 24. Re1 Qd7 25. Ng5 Bxg5 26. Bxg5 Qd5 27.
Qxd5 Rxd5 28. b4 h6 29. Bc1 e4 30. Kf2 Bf5 31. Ke3 Kh7 32. Re2 Rd3+ 33. Kf4 Kg6
34. Ke5 Rd5+ 35. Kf4 Rd3 36. Ke5 Rd5+ 37. Kf4 1/2-1/2

[Event "Hessen 2-Mecklenburg-Vorpommern 1"]
[Site "?"]
[Date "2015.09.06"]
[Round "1.1"]
[White "Ackermann, Hans Werner"]
[Black "Kaulfuss, Helmut"]
[Result "1-0"]
[WhiteElo "2333"]
[BlackElo "2115"]
[PlyCount "91"]
[EventDate "2015.??.??"]
[WhiteTeam "Mecklenburg-Vorpommern 1"]
[BlackTeam "Hessen 2"]

1. Nf3 d6 2. b3 Nf6 3. Bb2 g6 4. g3 Bg7 5. Bg2 O-O 6. c4 e5 7. Nc3 c6 8. Qc2 Re8
9. d3 Qc7 10. O-O Nbd7 11. Rfd1 d5 12. cxd5 cxd5 13. Rac1 d4 14. Nb5 Qxc2 15.
Rxc2 Rd8 16. Ba3 Bf8 17. Bxf8 Kxf8 18. Rdc1 Ne8 19. Ng5 h6 20. Nf3 a6 21. Nc7
Rb8 22. Nd2 Nb6 23. Nxe8 Kxe8 24. Rc7 Rd7 25. R7c5 Re7 26. a4 Kd8 27. h4 Bf5 28.
a5 Nc8 29. Nc4 f6 30. b4 Na7 31. Bf3 Bd7 32. h5 g5 33. Nd6 Nb5 34. Nxb5 Bxb5 35.
Rd5+ Rd7 36. Rdc5 Re7 37. Be4 Bd7 38. Rd5 Rc8 39. Rxc8+ Kxc8 40. Rd6 Be6 41. Rb6
f5 42. Rxe6 Rxe6 43. Bxf5 Kd7 44. Kg2 Kd6 45. Bxe6 Kxe6 46. Kf3 1-0

[Event "Hessen 2-Mecklenburg-Vorpommern 1"]
[Site "?"]
[Date "2015.09.06"]
[Round "1.2"]
[White "Haase, Wolfgang"]
[Black "Jeske, Eckhard"]
[Result "1/2-1/2"]
[WhiteElo "2133"]
[BlackElo "2144"]
[PlyCount "119"]
[EventDate "2015.??.??"]
[WhiteTeam "Hessen 2"]
[BlackTeam "Mecklenburg-Vorpommern 1"]

1. Nf3 d5 2. d4 c6 3. Bf4 Nf6 4. e3 Bg4 5. h3 Bxf3 6. Qxf3 e6 7. Nd2 Bd6 8. Bd3
Qc7 9. c3 Nbd7 10. Qg3 Bxf4 11. Qxf4 e5 12. dxe5 Qxe5 13. Qb4 Qc7 14. Nf3 O-O-O
15. O-O-O Rhe8 16. Bf5 Kb8 17. Rhe1 Ne5 18. Qf4 Nxf3 19. Qxc7+ Kxc7 20. gxf3 Re5
21. Bd3 Rde8 22. Rg1 g6 23. Rg3 Nh5 24. Rgg1 f5 25. f4 R5e7 26. Kd2 a6 27. Rde1
c5 28. Be2 Nf6 29. Bf3 Rd8 30. Kc2 b5 31. b3 Red7 32. Rd1 d4 33. Rge1 d3+ 34.
Kd2 Ne4+ 35. Bxe4 fxe4 36. c4 bxc4 37. bxc4 Rb8 38. Rb1 Rb4 39. Rxb4 cxb4 40. f3
exf3 41. Rf1 Kc6 42. Rxf3 Kc5 43. f5 gxf5 44. Rxf5+ Kxc4 45. Rf4+ Kb5 46. Rf5+
Ka4 47. e4 a5 48. Rc5 Rc7 49. Kxd3 Ka3 50. Rc2 Rg7 51. Kd4 Rg3 52. Rh2 Rg1 53.
e5 Re1 54. Kd5 a4 55. e6 b3 56. axb3 axb3 57. Kd6 b2 58. Rxb2 Kxb2 59. e7 Kc3
60. Kd7 1/2-1/2

[Event "Hessen 2-Mecklenburg-Vorpommern 1"]
[Site "?"]
[Date "2015.09.06"]
[Round "1.3"]
[White "Pruesse, Horst"]
[Black "Benninger, Rudolf"]
[Result "0-1"]
[WhiteElo "2037"]
[BlackElo "2097"]
[PlyCount "110"]
[EventDate "2015.??.??"]
[WhiteTeam "Mecklenburg-Vorpommern 1"]
[BlackTeam "Hessen 2"]

1. e4 g6 2. Nc3 c5 3. f4 Bg7 4. Nf3 Nc6 5. Bb5 Nd4 6. Bc4 e6 7. O-O Ne7 8. Nxd4
cxd4 9. Ne2 d5 10. Bd3 dxe4 11. Bxe4 O-O 12. a4 Rb8 13. Kh1 Bd7 14. Ra3 Bc6 15.
Bxc6 bxc6 16. Rh3 c5 17. d3 Nf5 18. b3 Qd5 19. Ng1 h5 20. Qe1 Rfe8 21. Nf3 Bh6
22. Ne5 Kg7 23. Kg1 f6 24. Nf3 Rb7 25. Nh4 Rbe7 26. Qd1 Nxh4 27. Rxh4 f5 28. Rh3
e5 29. fxe5 Rxe5 30. Bxh6+ Kxh6 31. Rhf3 Re2 32. R3f2 R2e3 33. Qd2 Kg7 34. Qa5
Qe5 35. h3 Re7 36. b4 cxb4 37. Qxb4 a5 38. Qd2 Rc7 39. Rb1 Rc5 40. Rb7+ Kh6 41.
Rf3 h4 42. c4 g5 43. Rb6+ Kh5 44. Rxe3 dxe3 45. Qe2+ g4 46. hxg4+ fxg4 47. Rb5
Kg5 48. Qe1 Qd4 49. Qe2 Kf5 50. Qf1+ Kg5 51. Qe2 Rf5 52. Rxf5+ Kxf5 53. Kf1 Qa1+
54. Qe1 Qxe1+ 55. Kxe1 h3 0-1

[Event "Hessen 2-Mecklenburg-Vorpommern 1"]
[Site "?"]
[Date "2015.09.06"]
[Round "1.4"]
[White "Kopp, Peter"]
[Black "Kliewe, Hans-Juergen"]
[Result "1/2-1/2"]
[WhiteElo "2042"]
[BlackElo "2026"]
[PlyCount "70"]
[EventDate "2015.??.??"]
[WhiteTeam "Hessen 2"]
[BlackTeam "Mecklenburg-Vorpommern 1"]

1. Nf3 d5 2. g3 c6 3. Bg2 Bg4 4. d3 e6 5. Nbd2 Nd7 6. h3 Bh5 7. O-O Ngf6 8. e4
dxe4 9. dxe4 e5 10. Re1 Be7 11. a4 O-O 12. c3 Qc7 13. Qc2 a5 14. Nh4 Rfd8 15.
Bf1 Bg6 16. Nxg6 hxg6 17. Bc4 Rab8 18. Nf3 Nh7 19. Qb3 Rf8 20. Be3 Bc5 21. Bxc5
Nxc5 22. Qc2 Qe7 23. b4 axb4 24. cxb4 Nd7 25. Qb3 Ng5 26. Nxg5 Qxg5 27. Rad1 Qe7
28. Rd2 Nb6 29. Be2 Rbd8 30. Red1 Rxd2 31. Rxd2 Rd8 32. Rxd8+ Qxd8 33. a5 Nc8
34. Bc4 Nd6 35. Qd3 Qc7 1/2-1/2

[Event "Hamburg 1-Blindenschachbund"]
[Site "?"]
[Date "2015.09.06"]
[Round "1.1"]
[White "Riegler, Dieter"]
[Black "Engelbert, Christoph"]
[Result "1/2-1/2"]
[WhiteElo "2096"]
[BlackElo "2206"]
[PlyCount "53"]
[EventDate "2015.??.??"]
[WhiteTeam "Sachsen-Anhalt 2"]
[BlackTeam "Berlin 2"]

1. d4 g6 2. c4 Bg7 3. Nc3 d6 4. e4 e5 5. Nf3 exd4 6. Nxd4 Nc6 7. Be3 Nge7 8. h4
O-O 9. h5 Qe8 10. Be2 f5 11. hxg6 Qxg6 12. Qd2 f4 13. Nxc6 bxc6 14. Bxf4 Bxc3
15. bxc3 Qxe4 16. Be3 Nf5 17. Bd3 Qe7 18. O-O-O d5 19. Kb1 dxc4 20. Bxc4+ Be6
21. Bg5 Qf7 22. Bxe6 Qxe6 23. Rde1 Qg6 24. Ka1 Rae8 25. g4 Nd6 26. Bh6 Rxe1+ 27.
Qxe1 1/2-1/2

[Event "Hamburg 1-Blindenschachbund"]
[Site "?"]
[Date "2015.09.06"]
[Round "1.2"]
[White "Schellhorn, Wolfgang"]
[Black "Dobierzin, Olaf"]
[Result "1-0"]
[WhiteElo "2153"]
[BlackElo "1998"]
[PlyCount "53"]
[EventDate "2015.??.??"]
[WhiteTeam "Sachsen-Anhalt 2"]
[BlackTeam "Berlin 2"]

1. e4 c5 2. Nf3 d6 3. d4 cxd4 4. Nxd4 Nf6 5. Nc3 a6 6. f4 Nc6 7. Nf3 g6 8. Bd3
Bg7 9. O-O O-O 10. Qe1 Qa5 11. Kh1 Bd7 12. Bd2 Qd8 13. Qh4 Rc8 14. Rae1 Nb4 15.
e5 Nfd5 16. Nxd5 Nxd5 17. c4 Nc7 18. Bc3 Bc6 19. e6 Nxe6 20. Rxe6 Bxf3 21. Rxf3
fxe6 22. Rh3 h5 23. Bxg6 Rc5 24. Bxg7 Kxg7 25. Rg3 Rf6 26. Bxh5+ Kf8 27. Qg4 1-0

[Event "Hamburg 1-Blindenschachbund"]
[Site "?"]
[Date "2015.09.06"]
[Round "1.3"]
[White "Heinich, Manfred"]
[Black "Horn, Peter"]
[Result "1/2-1/2"]
[WhiteElo "1974"]
[BlackElo "2110"]
[PlyCount "39"]
[EventDate "2015.??.??"]
[WhiteTeam "Sachsen-Anhalt 2"]
[BlackTeam "Berlin 2"]

1. d4 Nf6 2. c4 c5 3. d5 b5 4. cxb5 a6 5. bxa6 g6 6. Nc3 Bxa6 7. Nf3 Bg7 8. e4
Bxf1 9. Kxf1 d6 10. g3 O-O 11. Kg2 Nbd7 12. Qe2 Qa5 13. a4 Rfb8 14. Ra3 Rb7 15.
Re1 Ne8 16. Nb5 Nc7 17. Bd2 Qb6 18. Nxc7 Rxc7 19. Bc3 Bxc3 20. bxc3 1/2-1/2

[Event "Hamburg 1-Blindenschachbund"]
[Site "?"]
[Date "2015.09.06"]
[Round "1.4"]
[White "Maahs, Erich"]
[Black "Jagdhuber, Hans"]
[Result "1-0"]
[WhiteElo "2081"]
[BlackElo "2016"]
[PlyCount "43"]
[EventDate "2015.??.??"]
[WhiteTeam "Sachsen-Anhalt 2"]
[BlackTeam "Berlin 2"]

1. d4 Nf6 2. Nc3 g6 3. e4 d6 4. Bg5 Bg7 5. Qd2 c6 6. f3 b5 7. Bh6 O-O 8. h4 b4
9. Nd1 Qa5 10. Bxg7 Kxg7 11. Ne2 Ba6 12. g4 Bxe2 13. Bxe2 h5 14. gxh5 Nxh5 15.
Rg1 e5 16. Ne3 Nf4 17. Nf5+ Kh7 18. Nxd6 Qd8 19. dxe5 Qxh4+ 20. Kd1 Qh2 21. Qe1
Nxe2 22. Rh1 1-0